1925 1374 1181 1714 1637 1175 1403 1240 1848 1649 1629 1363 1763 1594 1884 1831 1397 1382 1925 1046 1095 1586 1959 1229 1488 1960 1108 1024 1640 1799 1010 1332 1835 1986 1810 1321 1255 1404 1734 1018 1511 1339 1300 1491 1981 1464 1920 1398 1511 1514 1417 1226 1743 1885 1264 1699 1882 1394 1400 1122 1175 1371 1383 1850 1153 1215 1198 1242 1072 1418 1030 1112 1153 1093 1392 1935 1803 1663 1075 1080 1876 1800 1738 1015 1169 1147 1549 1111 1767 1255 1422 1726 1496 1411 1901 1801 1788 1850 1644 BCNSPRNW ULIB Ver.6.0+V

เปลี่ยนเป็นภาษาไทย

Change to English
 แสดงรายละเอียดบรรณานุกรม
  กลับหน้าหลัก

Brief Record : Get Marc (ISO 2709) : E-mail record : QR code < ปิดหน้าต่าง
LEADER : 00000nam 2200000uu 4500
001    13399129066
003     ULIB
008    250605s2564||||th 000 0 tha d
020    ^a9786164439030
060  4 ^aWX205^bร287ก
100 0  ^aรังสิมา ทินมณี,บรรณาธิการ
245 1  ^aกลยุทธ์การบริบาลผู้ป่วยนอก =^bAmbulatory medicine 2024 /^cบรรณาธิการ รังสิมา ทินมณี ... [และคนอื่น ๆ].
246 3  ^aAmbulatory Medicine
246 3  ^aAmbulatory medicine :^bnovel strategies in ambulatory medicine
246 3  ^aAmbulatory medicine กลยุทธ์การบริบาลผู้ป่วยนอก 2024
250    ^aพิมพ์ครั้งที่ 1.
250    ^aพิมพ์ครั้งที่ 2.
260    ^aกรุงเทพฯ :^bเทพเพ็ญวานิสย์,^c2564.
260    ^aกรุงเทพฯ :^bสมาคมอายุรศาสตร์ผู้ป่วยนอก,^c2567.
300    ^a400หน้า :^bภาพประกอบ, ตาราง ;^c26 ซม.
650  2 ^aAmbulatory care.
650  2 ^aInternal medicine.
650  4 ^aการดูแลรักษาในโรงพยาบาล.
650  4 ^aการบริบาลผู้ป่วยนอก.
650  4 ^aการบริบาลผู้ป่วยนอก.
650  4 ^aผู้ป่วย^xการดูแล
650  4 ^aผู้ป่วยของโรงพยาบาล, การบริการ
650  4 ^aโรงพยาบาล^xบริการผู้ป่วยนอก
650  4 ^aโรงพยาบาล^xแผนกผู้ป่วยนอก
650  4 ^aโรงพยาบาล^xแผนกผู้ป่วยนอก
650  4 ^aอายุรศาสตร์.
650  4 ^aอายุรศาสตร์.
650  4 ^aอายุรศาสตร์^vรวมเรื่อง
650  4 ^aอายุรศาสตร์^xรวมเรื่อง
700 0  ^aรังสิมา ทินมณี^eบรรณาธิการ.
945    ^p450^l0^i30535
945    ^p450^l0^i30536
999    ^aกัณชพร จุลอักษร
รายการนี้ยังไม่มีแท็ก
คุณยังไม่ได้ล็อกอิน คุณสามารถมีกิจกรรมร่วมกับเว็บไซต์ได้ แต่ต้องล็อกอินก่อน ::
  ล็อกอิน

รายการสื่อสารสนเทศ

ลำดับที่ ประเภท เลขเรียก/บาร์โค้ด สถานที่ สถานะ
1. หนังสือสำรอง
หนังสือสำรอง
WX205 ร287ก ฉ.1 
  Barcode: 30535
ห้องสมุดวิทยาเขตนครสวรรค์
►หนังสือทั่วไป:l:General Books
บนชั้น
2. วิทยาศาสตร์การแพทย์ และสุขภาพ
วิทยาศาสตร์การแพทย์ และสุขภาพ
WX205 ร287ก ฉ.2 
  Barcode: 30536
ห้องสมุดวิทยาเขตนครสวรรค์
►หนังสือทั่วไป:l:General Books
บนชั้น

รายการใกล้เคียง
    ผู้แต่ง [รังสิมา ทินมณี,บรรณาธิการ]

    หัวเรื่อง [Ambulatory care.]
    หัวเรื่อง [Internal medicine.]
    หัวเรื่อง [การดูแลรักษาในโรงพยาบาล.]
    หัวเรื่อง [การบริบาลผู้ป่วยนอก.]
    หัวเรื่อง [การบริบาลผู้ป่วยนอก.]
    หัวเรื่อง [ผู้ป่วย การดูแล]
    หัวเรื่อง [ผู้ป่วยของโรงพยาบาล, การบริการ]
    หัวเรื่อง [อายุรศาสตร์.]
    หัวเรื่อง [อายุรศาสตร์.]

BibComment


ยังไม่เคยถูกคอมเมนท์

คอมเมนท์ทรัพยากรรายการนี้
  คอมเมนท์: กลยุทธ์การบริบาล..


 Copyright 2026. Bcnsprnw @Library